North Africa, Southwest Asia, and Central Asia Quiz Stats

 Plays Quiz not verified by Sporcle

Challenge
Share
Tweet
Score 0/35 Timer 08:00
0 Plays Today
Hint Answer % Correct
country 1Egypt
94.8%
country 2Libya
84.6%
country 6Turkey
83.4%
country 5Morocco
79.1%
country 4Algeria
79%
country 7Syria
78.6%
country 9Jordan
76.7%
country 14Yemen
74.8%
country 3Tunisia
74.5%
country 13Oman
74.5%
country 10Israel
74.1%
country 12Saudi Arabia
73.1%
country 8Lebanon
72.2%
country 19Iran
69.3%
country 20Iraq
69.1%
country 15Kuwait
64.5%
country 21Afghanistan
62.5%
country 17Qatar
60.7%
Hint Answer % Correct
country 18United Arab Emirates
58.1%
country 23Uzbekistan
55.2%
country 22Kazakhstan
54.6%
country 24Turkmenistan
54.6%
country 16Bahrain
54.5%
country 27Georgia
46.2%
country 26Tajikistan
44.2%
country 28Armenia
43.1%
country 25Kyrgyzstan
42.6%
country 29Azerbaijan
38.6%
capital city 30Cairo
26.1%
capital city 33Baghdad
20.5%
capital city 34Jerusalem
18.5%
capital city 35Tehran
18.5%
city 32Istanbul
18.4%
city 31Makkah
16.4%
territories 11Palestinian Territories
16.3%

You're not logged in!

Compare scores with friends on all Sporcle quizzes.
OR
Log In

You Might Also Like...

Show Comments

Extras

Top Quizzes Today


Score Distribution

Your Account Isn't Verified!

In order to create a playlist on Sporcle, you need to verify the email address you used during registration. Go to your Sporcle Settings to finish the process.

Report this User

Report this user for behavior that violates our Community Guidelines.

Details: